[Event "GER-chT North U12"]
[Site "Magdeburg"]
[Date "2012.09.08"]
[Round "6.3"]
[White "Davydov, Philipp"]
[Black "Fakhouri, Amir"]
[Result "1/2-1/2"]
[WhiteElo "800"]
[BlackElo "881"]
[PlyCount "106"]
[EventDate "2012.09.06"]
[EventType "team-swiss"]
[EventRounds "7"]
[EventCountry "GER"]
[SourceTitle "EXT 2015"]
[Source "ChessBase"]
[SourceDate "2014.11.20"]
[SourceVersion "1"]
[SourceVersionDate "2014.11.20"]
[SourceQuality "1"]
[WhiteTeam "Delmenhorst"]
[BlackTeam "Rostock"]
[WhiteTeamCountry "GER"]
[BlackTeamCountry "GER"]

1. e4 e5 2. Nf3 Nc6 3. d4 exd4 4. Nxd4 Nf6 5. Nc3 Bb4 6. Bd3 Bxc3+ 7. bxc3 d5 8. Bg5 Be6 9. Bxf6 Qxf6 10. 0-0 dxe4 11. Bxe4 0-0 12. Bxc6 bxc6 13. Qf3 Qxf3 14. Nxf3 Bd5 15. Nh4 Rfe8 16. Rfd1 Re2 17. Rac1 Bxa2 18. Re1 Rxe1+ 19. Rxe1 Rd8 20. Nf3 Bd5 21. Rd1 Re8 22. Rb1 h6 23. h3 Re2 24. Nd4 Rd2 25. Ra1 c5 26. Nb5 Rxc2 27. Rxa7 c6 28. Nc7 Rxc3 29. Nxd5 cxd5 30. Ra5 Rc1+ 31. Kh2 d4 32. Ra6 d3 33. Rd6 Rd1 34. Rc6 d2 35. Rxc5 Re1 36. Rd5 d1Q 37. Rxd1 Rxd1 38. f3 g6 39. g4 Kg7 40. h4 g5 41. hxg5 hxg5 42. Kg3 Rg1+ 43. Kh3 Kg6 44. Kh2 Rf1 45. Kg3 f5 46. gxf5+ Kxf5 47. Kg2 Rd1 48. Kg3 Rd4 49. Kf2 Kf4 50. Ke2 Rd5 51. Kf2 Re5 52. Kg2 Re2+ 53. Kh3 Kxf3 1/2-1/2